Kluby piłkarskie Apulii - nagła śmierć - Statystyki

Ogólne statystyki
  • Ten quiz został rozwiązany 17 razy
  • Średni wynik to 4 z 7
Answers on the Grid
Answers color-coded by a green-red scale on the quiz's grid according to % correct below.
ASD Team Altamura
AS Gubbio 1910
Taranto FC 1927
Calcio Foggia 1920
FC Arzignano Valchiampo
L.R. Vicenza Virtus
US Lecce
Cesena FC
SSC Bari
Virtus Francavilla Calcio
SS Audace Cerignola
SS Monopoli 1966
USD Matera Calcio 2019
Empoli FC
 
Statystyki odpowiedzi
Odpowiedź % Poprawnych
Calcio Foggia 1920
100%
SSC Bari
80%
US Lecce
80%
SS Monopoli 1966
60%
Taranto FC 1927
60%
ASD Team Altamura
40%
SS Audace Cerignola
0%
Nie znaleziono quizów pasujących do podanych kryteriów
Rozkład punktacji
Procent ludzi z każdym wynikiem
Percentyl według liczby udzielonych odpowiedzi
Twoja historia wyników
Nie rozwiązałeś tego quizu